Books by Plot - Statistics

General Stats
  • This quiz has been taken 29 times
    21 since last reset
  • The average score is 4 of 14
Answer Stats
Hint Answer % Correct
In 19th century France, a wrongfully convicted man escapes prison years later to take revenge on the conspirators who caused his imprisonment. The Count of Monte Cristo
65%
An impoverished student kills his greedy loan shark out of revenge and desperation; afterwards, he is wracked with guilt and torn between confessing and suffering consequences or protecting himself from possible life in prison. Crime and Punishment
55%
A nobleman who's read nothing but romances about knights all his life embarks on a quest with his faithful squire (his overweight servant) to win the heart of a princess (an unattractive peasant woman) by slaying "dragons" (windmills). Don Quixote
50%
In the early 1900s Chicago, a Lithuanian immigrant tries to expose the corruption and worker abuse in the meat-packing industry. The Jungle
40%
1960s Tulsa, Oklahoma; a conflict between the greaser and soc subcultures reaches its peak while two of the greasers try to evade the police after one of them kills a soc in self-defense. The Outsiders
35%
The experiences of a World War I ambulance driver during the Italian campaign. A Farewell to Arms
25%
A castaway is rescued and taken to an island where he encounters a mad scientist who's creating human-cat hybrids. The Island of Dr. Moreau
25%
1930s British Burma. An ivory merchant attempts to save his Indian friend from prison by making him a member of an all-white club. Burmese Days
15%
An seemingly inconspicuous boy playing computer games turns out to be humanity's possible savior and the key to preventing its destruction. Ender's Game
15%
In preparation of a ball for the souls confined to Hell, Satan and his troupe arrive in Stalinist Moscow, turning the lives of every person they encounter upside down. The Master and Margarita
15%
An LA private detective attempts to solve a case involving a frivolous young woman, her more cunning older sister and a dirty book racket. The Big Sleep
10%
A British expedition led by a big game hunter embarks on a journey to an uncharted region of Africa to find the expedition member's brother. King Solomon's Mines
5%
In a dystopian future, a hacker enters an alliance with a female mercenary and a war veteran who ask for his services in exchange for surgical procedures necessary to fulfil his dream - entering cyberspace. Neuromancer
5%
While aiming to meet his father in his hometown, the hero instead finds himself in an abandoned city haunted by spirits. Pedro Páramo
0%
No matching quizzes found
Score Distribution
Percent of People with Each Score
Percentile by Number Answered
Your Score History
You have not taken this quiz since the last reset